000 00934nas a2200277 4500
001 BR2013002477
003 BR-BrBNA
005 20231205122137.0
007 ta
008 230509b bl.|||p| |||| 00| 00por d
040 _aBR-BrBNA
_bpor
_cBiblioteca Nacional de Agricultura
041 _a(Pt)
072 _aQ02; Q04
100 1 _aTonon, R.V.
100 1 _aBrabet, C.
100 1 _aHubinger, M.D.
245 1 _aInfluência da temperatura do ar de secagem e da concentração de agente carreador sobre as propriedades físico-químicas do suco de açaí em pó
650 _aPROCESSAMENTO
650 _aDESIDRATAÇÃO
650 _aUMIDADE
650 _aANTOCIANINA
773 0 _tCiência e Tecnologia de Alimentos (Brazil)
_xISSN 1678-457X
_g(Apr-Jun 2009), V. 29(2) p. 444-450
_wBR2013002477
856 4 0 _uhttp://www.scielo.br/pdf/cta/v29n2/34.pdf
909 _a202311
_bLúcia
_c55
_dLúcia Elande
942 _2AGRIS
_n0
_cANA
999 _c227128
_d227128